[Event "SWE-chT 0607"]
[Site "Sweden"]
[Date "2007.03.03"]
[Round "8"]
[White "Jepson, Christian"]
[Black "Niklasson, Christer"]
[Result "1/2-1/2"]
[WhiteElo "2453"]
[BlackElo "2414"]
[PlyCount "105"]
[EventDate "2006.10.20"]
[EventType "team-tourn"]
[EventRounds "11"]
[EventCountry "SWE"]
[SourceTitle "EXT 2009"]
[Source "ChessBase"]
[SourceDate "2008.11.26"]
[SourceVersion "1"]
[SourceVersionDate "2008.11.26"]
[SourceQuality "1"]
[WhiteTeam "Limhamn"]
[BlackTeam "Lund"]
[WhiteTeamCountry "SWE"]
[BlackTeamCountry "SWE"]

1. d4 f5 2. Nf3 Nf6 3. g3 g6 4. Bg2 Bg7 5. c4 0-0 6. Nc3 d6 7. 0-0 c6 8. d5 e5 9. dxe6 Bxe6 10. b3 Na6 11. Bb2 Qe7 12. Ng5 Nc5 13. Nxe6 Qxe6 14. Qc2 Rfe8 15. Rad1 Rad8 16. e3 Nfe4 17. Nxe4 Nxe4 18. Bxg7 Kxg7 19. Rd4 Rd7 20. Rfd1 Kg8 21. b4 d5 22. cxd5 cxd5 23. Qb3 Red8 24. h3 Kg7 25. b5 Rd6 26. Bf3 h5 27. Kg2 Kh6 28. Kg1 Qe5 29. Bg2 R8d7 30. f4 Qe6 31. g4 b6 32. g5+ Kh7 33. Kh2 Nc5 34. Qc3 Rd8 35. R4d2 Ne4 36. Bxe4 Qxe4 37. Qe5 Qf3 38. Rg1 R8d7 39. Rc2 Rd8 40. Rc7+ R6d7 41. a4 Qe4 42. Rgc1 Qf3 43. R1c2 h4 44. Qe6 Qg3+ 45. Kh1 Qxh3+ 46. Kg1 Qg4+ 47. Kf2 Qg3+ 48. Kf1 Qf3+ 49. Ke1 Qg3+ 50. Kf1 Qf3+ 51. Ke1 Qg3+ 52. Kf1 Qf3+ 53. Ke1 1/2-1/2

[Event "SWE-chT 0607"]
[Site "Sweden"]
[Date "2007.02.10"]
[Round "7"]
[White "Engqvist, Thomas"]
[Black "Niklasson, Christer"]
[Result "1/2-1/2"]
[WhiteElo "2429"]
[BlackElo "2414"]
[PlyCount "34"]
[EventDate "2006.10.20"]
[EventType "team-tourn"]
[EventRounds "11"]
[EventCountry "SWE"]
[SourceTitle "EXT 2009"]
[Source "ChessBase"]
[SourceDate "2008.11.26"]
[SourceVersion "1"]
[SourceVersionDate "2008.11.26"]
[SourceQuality "1"]
[WhiteTeam "Stockholm Rockaden"]
[BlackTeam "Lund"]
[WhiteTeamCountry "SWE"]
[BlackTeamCountry "SWE"]

1. d4 f5 2. g3 Nf6 3. Bg2 g6 4. Nf3 Bg7 5. 0-0 0-0 6. c4 d6 7. Nc3 c6 8. d5 e5 9. dxe6 Bxe6 10. Qd3 Na6 11. Ng5 Qe7 12. Bf4 Rad8 13. Rad1 Ng4 14. Nd5 Qe8 15. Qa3 Ne5 16. Nxe6 Qxe6 17. b3 Rf7 1/2-1/2

[Event "SWE-chT 0607"]
[Site "Sweden"]
[Date "2006.10.21"]
[Round "2"]
[White "Niklasson, Christer"]
[Black "Norberg, Johan"]
[Result "1-0"]
[WhiteElo "2414"]
[BlackElo "2349"]
[PlyCount "85"]
[EventDate "2006.10.20"]
[EventType "team-tourn"]
[EventRounds "11"]
[EventCountry "SWE"]
[SourceTitle "EXT 2009"]
[Source "ChessBase"]
[SourceDate "2008.11.26"]
[SourceVersion "1"]
[SourceVersionDate "2008.11.26"]
[SourceQuality "1"]
[WhiteTeam "Lund"]
[BlackTeam "Vasteras"]
[WhiteTeamCountry "SWE"]
[BlackTeamCountry "SWE"]

1. d4 d6 2. Nf3 g6 3. e4 Nf6 4. Nc3 Bg7 5. Be2 0-0 6. 0-0 c6 7. Bf4 Nbd7 8. Re1 b5 9. a3 Nb6 10. e5 Nfd5 11. Nxd5 Nxd5 12. Bg3 dxe5 13. Nxe5 Qb6 14. Bf3 Rd8 15. c3 Bb7 16. Nd3 Re8 17. Qb3 a5 18. a4 Rad8 19. Rad1 Ba8 20. h3 e6 21. Re2 h6 22. Rde1 b4 23. Bxd5 Rxd5 24. Be5 Bxe5 25. Rxe5 Qb7 26. Nc5 Qb8 27. Qc2 Qd6 28. Qe4 bxc3 29. bxc3 Rxe5 30. Qxe5 Qxe5 31. Rxe5 Rb8 32. Nd7 Rb7 33. Rxa5 Rxd7 34. Rxa8+ Kg7 35. Kf1 Rb7 36. Ra6 c5 37. dxc5 Rc7 38. c6 Kf6 39. Ke2 Ke5 40. Kd3 Kd5 41. Rb6 e5 42. Rb5+ Kd6 43. Rb7 1-0

[Event "SWE-chT 0607"]
[Site "Sweden"]
[Date "2006.10.20"]
[Round "1"]
[White "Malmstig, Erik"]
[Black "Niklasson, Christer"]
[Result "0-1"]
[WhiteElo "2315"]
[BlackElo "2414"]
[PlyCount "58"]
[EventDate "2006.10.20"]
[EventType "team-tourn"]
[EventRounds "11"]
[EventCountry "SWE"]
[SourceTitle "EXT 2009"]
[Source "ChessBase"]
[SourceDate "2008.11.26"]
[SourceVersion "1"]
[SourceVersionDate "2008.11.26"]
[SourceQuality "1"]
[WhiteTeam "Umea Rockaden"]
[BlackTeam "Lund"]
[WhiteTeamCountry "SWE"]
[BlackTeamCountry "SWE"]

1. d4 f5 2. c4 Nf6 3. g3 g6 4. Bg2 Bg7 5. Nh3 d6 6. Nc3 c6 7. d5 0-0 8. Nf4 e5 9. dxe6 Qe7 10. Qb3 Na6 11. Qa3 Nc5 12. 0-0 Bxe6 13. Nxe6 Qxe6 14. Bf4 Nh5 15. Be3 Qxc4 16. Rac1 Bxc3 17. Rxc3 Qxe2 18. Bxc5 dxc5 19. Bf3 Qe7 20. Re3 Qg7 21. Bxh5 gxh5 22. Rfe1 b6 23. Re7 Rf7 24. Qb3 Kf8 25. R7e6 Rd8 26. Qe3 Kg8 27. Rxc6 h4 28. b3 hxg3 29. hxg3 f4 0-1

[Event "SWE-chT 0506"]
[Site "Sweden"]
[Date "2006.??.??"]
[Round "8"]
[White "Niklasson, Christer"]
[Black "Dragicevic, Drazen"]
[Result "1/2-1/2"]
[WhiteElo "2423"]
[BlackElo "2298"]
[PlyCount "59"]
[EventDate "2005.10.??"]
[EventType "team-tourn"]
[EventRounds "11"]
[EventCountry "SWE"]
[SourceTitle "EXT 2008"]
[Source "ChessBase"]
[SourceDate "2007.11.25"]
[SourceVersion "1"]
[SourceVersionDate "2007.11.25"]
[SourceQuality "1"]
[WhiteTeam "Lund"]
[BlackTeam "Limhamn"]
[WhiteTeamCountry "SWE"]
[BlackTeamCountry "SWE"]

1. d4 Nf6 2. c4 g6 3. Nc3 d5 4. cxd5 Nxd5 5. Bd2 Bg7 6. e4 Nb6 7. Be3 0-0 8. Be2 Nc6 9. Nf3 Bg4 10. d5 Bxf3 11. gxf3 Ne5 12. Qb3 c6 13. 0-0-0 cxd5 14. Nxd5 Nxd5 15. Rxd5 Qc7+ 16. Kb1 e6 17. Rc5 Nc6 18. f4 b6 19. Rc2 Qb7 20. Bf3 Na5 21. Qa4 Rac8 22. Rhc1 Rxc2 23. Qxc2 b5 24. Qc7 Qxc7 25. Rxc7 Nc4 26. e5 f6 27. exf6 Bxf6 28. Rxa7 Bxb2 29. Bg4 Re8 30. Ra6 1/2-1/2

[Event "SWE-chT 0405"]
[Site "Sweden"]
[Date "2005.??.??"]
[Round "8"]
[White "Niklasson, Christer"]
[Black "Brynell, Stellan"]
[Result "0-1"]
[WhiteElo "2423"]
[BlackElo "2581"]
[PlyCount "56"]
[EventDate "2004.11.05"]
[EventType "team-tourn"]
[EventRounds "11"]
[EventCountry "SWE"]
[SourceTitle "EXT 2006"]
[Source "ChessBase"]
[SourceDate "2005.11.24"]
[SourceVersion "1"]
[SourceVersionDate "2005.11.24"]
[SourceQuality "1"]
[WhiteTeam "Lund"]
[BlackTeam "Limhamn"]
[WhiteTeamCountry "SWE"]
[BlackTeamCountry "SWE"]

1. d4 Nf6 2. c4 e6 3. Nc3 Bb4 4. a3 Bxc3+ 5. bxc3 c5 6. e3 b6 7. Bd3 Bb7 8. f3 0-0 9. e4 Ne8 10. Ne2 Nc6 11. 0-0 d6 12. f4 f5 13. Be3 Rc8 14. Ng3 Ne7 15. Qe2 Qd7 16. a4 Nf6 17. e5 dxe5 18. fxe5 Ng4 19. Bg5 cxd4 20. Bxe7 Qxe7 21. cxd4 Qh4 22. h3 Qxg3 23. hxg4 Bxg2 24. Qxg2 Qxd3 25. Rad1 Qe3+ 26. Kh1 fxg4 27. Rxf8+ Rxf8 28. Qxg4 Rf5 0-1

[Event "SWE-chT 0405"]
[Site "Sweden"]
[Date "2005.??.??"]
[Round "7"]
[White "Niklasson, Christer"]
[Black "Hamark, Jesper"]
[Result "1-0"]
[WhiteElo "2423"]
[BlackElo "2325"]
[PlyCount "87"]
[EventDate "2004.11.05"]
[EventType "team-tourn"]
[EventRounds "11"]
[EventCountry "SWE"]
[SourceTitle "EXT 2006"]
[Source "ChessBase"]
[SourceDate "2005.11.24"]
[SourceVersion "1"]
[SourceVersionDate "2005.11.24"]
[SourceQuality "1"]
[WhiteTeam "Lund"]
[BlackTeam "Kamraterna"]
[WhiteTeamCountry "SWE"]
[BlackTeamCountry "SWE"]

1. d4 Nf6 2. c4 e6 3. Nf3 c5 4. d5 b5 5. Bg5 Qa5+ 6. Qd2 Qxd2+ 7. Nbxd2 Na6 8. 0-0-0 bxc4 9. e4 Bb7 10. Bxf6 gxf6 11. Nxc4 0-0-0 12. Na5 Bd6 13. g3 Bc7 14. Nxb7 Kxb7 15. d6 Ba5 16. Bxa6+ Kxa6 17. e5 f5 18. Nd2 Bxd2+ 19. Rxd2 Rc8 20. Rc2 c4 21. Kd2 Rc5 22. f4 Rhc8 23. Rhc1 Kb5 24. Ke3 a5 25. Rc3 a4 26. Kf3 R8c6 27. R1c2 Rd5 28. Kg2 Rd3 29. a3 Rxc3 30. Rxc3 Kc5 31. Kh3 Rb6 32. Rc2 Kd4 33. Kh4 Rb3 34. Kg5 Kd3 35. Rf2 c3 36. Rf3+ Kc2 37. Rxc3+ Rxc3 38. bxc3 Kb3 39. Kf6 Kxa3 40. Ke7 Kb3 41. Kxd7 a3 42. Ke8 a2 43. d7 a1Q 44. d8Q 1-0

[Event "SWE-chT 0304"]
[Site "Sweden"]
[Date "2004.??.??"]
[Round "8"]
[White "Niklasson, Christer"]
[Black "Jepson, Christian"]
[Result "0-1"]
[WhiteElo "2418"]
[BlackElo "2487"]
[PlyCount "90"]
[EventDate "2003.10.??"]
[EventType "team-tourn"]
[EventRounds "11"]
[EventCountry "SWE"]
[SourceTitle "EXT 2005"]
[Source "ChessBase"]
[SourceDate "2004.11.15"]
[SourceVersion "1"]
[SourceVersionDate "2004.11.15"]
[SourceQuality "1"]
[WhiteTeam "Lund"]
[BlackTeam "Limhamn"]
[WhiteTeamCountry "SWE"]
[BlackTeamCountry "SWE"]

1. d4 Nf6 2. c4 e6 3. Nf3 d5 4. Nc3 Be7 5. Bg5 h6 6. Bh4 0-0 7. e3 b6 8. Qb3 Bb7 9. Bxf6 Bxf6 10. cxd5 exd5 11. Rd1 Re8 12. Be2 c6 13. 0-0 Nd7 14. Bd3 Nf8 15. e4 g6 16. Rfe1 Ne6 17. e5 Bg7 18. Bf1 Qe7 19. g3 Rad8 20. Bg2 g5 21. Qc2 Bc8 22. a3 a5 23. Qb3 b5 24. Qc2 Bd7 25. a4 bxa4 26. Qxa4 Rb8 27. Qa2 Rb4 28. Ne2 Reb8 29. Rd2 Qd8 30. h3 Qb6 31. Bf1 Bf8 32. Ra1 a4 33. Kg2 Qa7 34. Rad1 Rb3 35. Nc3 a3 36. Ra1 Qb7 37. Nd1 axb2 38. Rb1 Ba3 39. Rd3 Rxd3 40. Bxd3 Qb3 41. Qxb3 Rxb3 42. Be2 Rb4 43. Nc3 Nxd4 44. Na2 Nxe2 45. Nxb4 Nc3 0-1

[Event "SWE-chT 0405"]
[Site "Sweden"]
[Date "2004.??.??"]
[Round "3"]
[White "Von Bahr, Oskar"]
[Black "Niklasson, Christer"]
[Result "0-1"]
[WhiteElo "2382"]
[BlackElo "2413"]
[PlyCount "138"]
[EventDate "2004.11.05"]
[EventType "team-tourn"]
[EventRounds "11"]
[EventCountry "SWE"]
[SourceTitle "EXT 2006"]
[Source "ChessBase"]
[SourceDate "2005.11.24"]
[SourceVersion "1"]
[SourceVersionDate "2005.11.24"]
[SourceQuality "1"]
[WhiteTeam "Wasa"]
[BlackTeam "Lund"]
[WhiteTeamCountry "SWE"]
[BlackTeamCountry "SWE"]

1. e4 c5 2. Nf3 e6 3. d4 cxd4 4. Nxd4 a6 5. Bd3 Qb6 6. Nb3 Qc7 7. f4 d6 8. Qf3 Nd7 9. Be3 g6 10. 0-0 Bg7 11. Nc3 Ngf6 12. a4 0-0 13. a5 b5 14. axb6 Nxb6 15. Na5 Nfd7 16. Qf2 Rb8 17. Ra3 Nc5 18. Bxc5 dxc5 19. e5 f6 20. exf6 Bxf6 21. Kh1 Nd5 22. Bc4 Bxc3 23. bxc3 Rxf4 24. Qe1 Rxf1+ 25. Bxf1 Qf4 26. Nc4 Bd7 27. Kg1 Nc7 28. Ne5 Bb5 29. c4 Be8 30. Rf3 Qd4+ 31. Kh1 a5 32. c3 Qd6 33. Ng4 a4 34. Nf6+ Kg7 35. Rd3 Qf4 36. Rf3 Qd6 37. Rd3 Qe7 38. Ng4 e5 39. Re3 a3 40. Rxe5 Qd6 41. Re2 Bf7 42. Ra2 Qf4 43. Rxa3 Re8 44. Qf2 Qxf2 45. Nxf2 Re1 46. g3 Rxf1+ 47. Kg2 Rc1 48. h4 Ne6 49. Ne4 Rd1 50. Kf2 h5 51. Ke2 Rd7 52. Ra5 Rc7 53. Ke3 Kf8 54. Nf6 Ng7 55. Rxc5 Rxc5 56. Nd7+ Ke7 57. Nxc5 Kd6 58. Nd3 Bxc4 59. Nf4 Bf7 60. Kf3 Bd5+ 61. Kf2 Be4 62. Ke2 Ke5 63. Kf2 Bb1 64. Kf3 Bc2 65. Nxg6+ Bxg6 66. g4 Be4+ 67. Kg3 Nf5+ 68. Kh3 Bg2+ 69. Kxg2 hxg4 0-1

[Event "SWE-chT 0203"]
[Site "Sweden"]
[Date "2003.03.01"]
[Round "8"]
[White "Niklasson, Christer"]
[Black "Ahlander, Bjorn"]
[Result "0-1"]
[WhiteElo "2375"]
[BlackElo "2478"]
[PlyCount "62"]
[EventDate "2002.10.11"]
[EventType "team-tourn"]
[EventRounds "11"]
[EventCountry "SWE"]
[SourceTitle "EXT 2004"]
[Source "ChessBase"]
[SourceDate "2003.11.25"]
[SourceVersion "1"]
[SourceVersionDate "2003.11.25"]
[SourceQuality "1"]
[WhiteTeam "Lund"]
[BlackTeam "Limhamn"]
[WhiteTeamCountry "SWE"]
[BlackTeamCountry "SWE"]

1. d4 Nf6 2. c4 e6 3. Nf3 Bb4+ 4. Nbd2 d5 5. e3 0-0 6. a3 Be7 7. b4 b6 8. Bb2 Bb7 9. Bd3 c5 10. cxd5 cxd4 11. e4 exd5 12. e5 Ne4 13. Bxd4 a5 14. b5 Nd7 15. Qb1 f5 16. 0-0 Rc8 17. a4 Bb4 18. Nb3 Qe7 19. Qb2 Ndc5 20. Bc2 Ne6 21. Bxb6 Bc3 22. Qa2 Bxa1 23. Rxa1 Nc3 24. Qb2 d4 25. Nbxd4 Nxd4 26. Nxd4 Qxe5 27. Bb3+ Kh8 28. f3 Rf6 29. Ba7 Rd6 30. Kf2 Rxd4 31. Re1 Re4 0-1

[Event "SWE-chT 0203"]
[Site "Sweden"]
[Date "2002.10.11"]
[Round "1"]
[White "Winge, Stefan"]
[Black "Niklasson, Christer"]
[Result "1-0"]
[WhiteElo "2275"]
[BlackElo "2375"]
[PlyCount "71"]
[EventDate "2002.10.11"]
[EventType "team-tourn"]
[EventRounds "11"]
[EventCountry "SWE"]
[SourceTitle "EXT 2004"]
[Source "ChessBase"]
[SourceDate "2003.11.25"]
[SourceVersion "1"]
[SourceVersionDate "2003.11.25"]
[SourceQuality "1"]
[WhiteTeam "Sodra"]
[BlackTeam "Lund"]
[WhiteTeamCountry "SWE"]
[BlackTeamCountry "SWE"]

1. e4 c5 2. Nf3 e6 3. d4 cxd4 4. Nxd4 a6 5. c4 Nf6 6. Bd3 d6 7. 0-0 g6 8. Nc3 Bg7 9. Nc2 Nbd7 10. Be2 Qc7 11. Bf4 Ne5 12. Qd2 0-0 13. Ne3 Re8 14. Rad1 Bf8 15. Bg5 Nfd7 16. f4 Nc6 17. Ng4 b6 18. Nh6+ Kg7 19. f5 Nce5 20. fxe6 fxe6 21. Rf2 Qc5 22. Be3 Qc6 23. Rdf1 Be7 24. Nf7 Bb7 25. Bd4 Rf8 26. Bg4 Bf6 27. Bxe6 Rxf7 28. Bxf7 Kxf7 29. Qg5 Qxc4 30. Rxf6+ Nxf6 31. Qxf6+ Kg8 32. Qxd6 Nc6 33. Bxb6 Qb4 34. Bc5 Qc4 35. Rf8+ Rxf8 36. Qxf8# 1-0

[Event "SWE-chT 0102"]
[Site "Sweden"]
[Date "2002.03.17"]
[Round "11"]
[White "Niklasson, Christer"]
[Black "Ivanov, Sergey"]
[Result "0-1"]
[WhiteElo "2452"]
[BlackElo "2574"]
[PlyCount "70"]
[EventDate "2001.10.12"]
[EventType "team-tourn"]
[EventRounds "11"]
[EventCountry "SWE"]
[SourceTitle "EXT 2003"]
[Source "ChessBase"]
[SourceDate "2002.11.25"]
[SourceVersion "1"]
[SourceVersionDate "2002.11.25"]
[SourceQuality "1"]
[WhiteTeam "Lunds"]
[BlackTeam "Sollentuna"]
[WhiteTeamCountry "SWE"]
[BlackTeamCountry "SWE"]

1. d4 Nf6 2. c4 e6 3. Nf3 b6 4. a3 c5 5. d5 Ba6 6. Qc2 exd5 7. cxd5 g6 8. Nc3 Bg7 9. g3 0-0 10. Bg2 d6 11. 0-0 Re8 12. Bf4 b5 13. a4 b4 14. Nb5 Bxb5 15. axb5 Nbd7 16. Bxd6 Qb6 17. Bf4 Qxb5 18. Nd2 Nb6 19. e4 c4 20. Rae1 Nfd7 21. Nf3 Nc5 22. e5 Nd3 23. d6 Nxe1 24. Rxe1 Rac8 25. Nd4 Qc5 26. Qe4 Rcd8 27. Nc6 Rxd6 28. exd6 Rxe4 29. Bxe4 g5 30. Ne7+ Kf8 31. Be3 Qxd6 32. Bxg5 Qe6 33. Nf5 Nd5 34. Kf1 h6 35. Bh4 Bf6 0-1

[Event "SWE-chT 0102"]
[Site "Sweden"]
[Date "2002.03.15"]
[Round "9"]
[White "Kulaots, Kaido"]
[Black "Niklasson, Christer"]
[Result "1-0"]
[WhiteElo "2491"]
[BlackElo "2452"]
[PlyCount "53"]
[EventDate "2001.10.12"]
[EventType "team-tourn"]
[EventRounds "11"]
[EventCountry "SWE"]
[SourceTitle "EXT 2003"]
[Source "ChessBase"]
[SourceDate "2002.11.25"]
[SourceVersion "1"]
[SourceVersionDate "2002.11.25"]
[SourceQuality "1"]
[WhiteTeam "Sodra"]
[BlackTeam "Lunds"]
[WhiteTeamCountry "SWE"]
[BlackTeamCountry "SWE"]

1. e4 c5 2. Nf3 e6 3. d4 cxd4 4. Nxd4 a6 5. Nc3 Qc7 6. Be2 Nf6 7. 0-0 Nc6 8. Be3 d6 9. f4 Be7 10. a4 0-0 11. Kh1 Bd7 12. Nb3 b6 13. Bf3 Rab8 14. g4 Bc8 15. g5 Nd7 16. Bg2 Re8 17. Qg4 Bf8 18. Qh4 g6 19. Rf3 Bg7 20. f5 exf5 21. exf5 Ne7 22. f6 Nf5 23. Rxf5 gxf5 24. fxg7 Rxe3 25. Nd5 Qxc2 26. Nxe3 Qxb3 27. g6 1-0

[Event "SWE-chT 0102"]
[Site "Sweden"]
[Date "2001.11.10"]
[Round "4"]
[White "Djurhuus, Rune"]
[Black "Niklasson, Christer"]
[Result "1-0"]
[WhiteElo "2536"]
[BlackElo "2452"]
[PlyCount "55"]
[EventDate "2001.10.12"]
[EventType "team-tourn"]
[EventRounds "11"]
[EventCountry "SWE"]
[SourceTitle "EXT 2003"]
[Source "ChessBase"]
[SourceDate "2002.11.25"]
[SourceVersion "1"]
[SourceVersionDate "2002.11.25"]
[SourceQuality "1"]
[WhiteTeam "Skara"]
[BlackTeam "Lunds"]
[WhiteTeamCountry "SWE"]
[BlackTeamCountry "SWE"]

1. e4 c5 2. f4 Nc6 3. Nf3 e6 4. Bb5 Nge7 5. 0-0 a6 6. Be2 d5 7. d3 dxe4 8. dxe4 Nd4 9. Nxd4 Qxd4+ 10. Qxd4 cxd4 11. Nd2 Nc6 12. Nb3 e5 13. Bc4 exf4 14. Bxf4 Be6 15. Bxe6 fxe6 16. a3 e5 17. Bg3 Bd6 18. Rad1 Ke7 19. Rf3 Ke6 20. c3 dxc3 21. Rxc3 Rhd8 22. Rcd3 Be7 23. Rd5 g5 24. Bf2 Rac8 25. Bb6 Rf8 26. Nc5+ Bxc5+ 27. Bxc5 Rf6 28. Rd7 1-0

[Event "SWE-chT 0102"]
[Site "Sweden"]
[Date "2001.10.12"]
[Round "1"]
[White "Carlberg, Gunnar"]
[Black "Niklasson, Christer"]
[Result "0-1"]
[WhiteElo "2123"]
[BlackElo "2452"]
[PlyCount "69"]
[EventDate "2001.10.12"]
[EventType "team-tourn"]
[EventRounds "11"]
[EventCountry "SWE"]
[SourceTitle "EXT 2003"]
[Source "ChessBase"]
[SourceDate "2002.11.25"]
[SourceVersion "1"]
[SourceVersionDate "2002.11.25"]
[SourceQuality "1"]
[WhiteTeam "Eskilstuna"]
[BlackTeam "Lunds"]
[WhiteTeamCountry "SWE"]
[BlackTeamCountry "SWE"]

1. Nf3 f5 2. b3 d6 3. d4 Nf6 4. Bb2 g6 5. g3 Bg7 6. Bg2 0-0 7. 0-0 Qe8 8. Nbd2 h6 9. c4 g5 10. d5 c5 11. Qc2 Na6 12. Rae1 f4 13. a3 Qh5 14. Bc3 Bd7 15. Rc1 Rf7 16. Rfe1 Raf8 17. Qd3 b5 18. e4 fxe3 19. fxe3 b4 20. axb4 cxb4 21. Bd4 Nc5 22. Qc2 Bh3 23. Re2 Nfd7 24. Bxh3 Qxh3 25. Bxg7 Kxg7 26. Qb2+ Kg8 27. Qb1 Qh5 28. g4 Qxg4+ 29. Rg2 Qf5 30. Nd4 Qd3 31. Qxd3 Nxd3 32. Ra1 N7c5 33. Rxa7 Ne4 34. Ne6 Nxd2 35. Nxf8 0-1

[Event "SWE-chT 0001"]
[Site "Sweden"]
[Date "2001.03.18"]
[Round "11"]
[White "Niklasson, Christer"]
[Black "Hillarp Persson, Tiger"]
[Result "0-1"]
[WhiteElo "2422"]
[BlackElo "2562"]
[PlyCount "76"]
[EventDate "2000.10.13"]
[EventType "team-tourn"]
[EventRounds "11"]
[EventCountry "SWE"]
[SourceTitle "EXT 2006"]
[Source "ChessBase"]
[SourceDate "2005.11.24"]
[SourceVersion "1"]
[SourceVersionDate "2005.11.24"]
[SourceQuality "1"]
[WhiteTeam "Lunds"]
[BlackTeam "Skara"]
[WhiteTeamCountry "SWE"]
[BlackTeamCountry "SWE"]

1. d4 d5 2. c4 c6 3. Nc3 Nf6 4. e3 a6 5. a4 e6 6. Nf3 c5 7. Be2 Nc6 8. 0-0 Bd6 9. b3 0-0 10. Bb2 cxd4 11. exd4 b6 12. Re1 Bb7 13. Bf1 Bb4 14. Re3 Ng4 15. Re1 Rc8 16. cxd5 Na5 17. Rc1 Bxd5 18. Bxa6 Bxb3 19. Qe2 Bc4 20. Bxc4 Nxc4 21. Red1 Qe7 22. Nb5 Nxb2 23. Qxb2 Bd6 24. Rxc8 Rxc8 25. Rc1 Rd8 26. Rc6 Bb8 27. h3 Nf6 28. Rxb6 Nd5 29. Rc6 h5 30. Qc1 Bf4 31. Qc4 g5 32. Ne5 Bxe5 33. dxe5 Kg7 34. a5 Nf4 35. Nd6 Rd7 36. a6 Ng6 37. Qd4 Nf4 38. Rc8 Ne2+ 0-1

[Event "SWE-chT 0001"]
[Site "Sweden"]
[Date "2000.12.09"]
[Round "5"]
[White "Niklasson, Christer"]
[Black "Madebrink, Lars"]
[Result "1-0"]
[WhiteElo "2464"]
[BlackElo "2348"]
[PlyCount "85"]
[EventDate "2000.10.13"]
[EventType "team-tourn"]
[EventRounds "11"]
[EventCountry "SWE"]
[SourceTitle "EXT 2006"]
[Source "ChessBase"]
[SourceDate "2005.11.24"]
[SourceVersion "1"]
[SourceVersionDate "2005.11.24"]
[SourceQuality "1"]
[WhiteTeam "Lunds"]
[BlackTeam "Kamraterna "]
[WhiteTeamCountry "SWE"]
[BlackTeamCountry "SWE"]

1. d4 Nf6 2. c4 g6 3. Nc3 Bg7 4. e4 d6 5. h3 0-0 6. Bg5 Nbd7 7. Bd3 c5 8. d5 a6 9. a4 Qa5 10. Nf3 Ne5 11. Nxe5 dxe5 12. 0-0 Qc7 13. a5 Nh5 14. Be3 Bd7 15. Na4 Bxa4 16. Rxa4 Nf4 17. Bc2 Rab8 18. Kh2 b5 19. axb6 Rxb6 20. b3 Rc8 21. g3 Nh5 22. Qa1 f5 23. exf5 e4 24. Qd1 Qe5 25. Ra5 Rf6 26. Rxc5 Rxc5 27. Bxc5 Rxf5 28. Re1 Qc7 29. Be3 Be5 30. Rg1 Rf3 31. Qe1 Nf6 32. Bd1 Rf5 33. Bg4 Nxg4+ 34. hxg4 Rf3 35. Qb1 Qd6 36. Qxe4 Rf8 37. c5 Qf6 38. g5 Qg7 39. d6 exd6 40. cxd6 Re8 41. f4 Qf7 42. fxe5 Qxb3 43. d7 1-0

[Event "Espoo"]
[Site "Espoo"]
[Date "1987.??.??"]
[Round "4"]
[White "Niklasson, Christer"]
[Black "Brinck Claussen, Bjorn"]
[Result "1/2-1/2"]
[WhiteElo "2375"]
[BlackElo "2390"]
[PlyCount "69"]
[EventDate "1987.??.??"]
[EventType "tourn"]
[EventRounds "11"]
[EventCountry "FIN"]
[EventCategory "5"]
[SourceTitle "EXT 1997"]
[Source "ChessBase"]
[SourceDate "1996.11.15"]
[SourceVersion "1"]
[SourceVersionDate "1996.11.15"]
[SourceQuality "1"]

1. d4 d5 2. Nf3 Nf6 3. e3 c5 4. b3 cxd4 5. exd4 Nc6 6. Bb2 Bg4 7. Be2 e6 8. 0-0 Be7 9. Ne5 Bxe2 10. Qxe2 Qb6 11. Nd2 0-0 12. c3 Nxe5 13. dxe5 Nd7 14. c4 Qa6 15. Qg4 f5 16. exf6 Bxf6 17. Bxf6 Nxf6 18. Qd4 Rad8 19. c5 Nd7 20. Nf3 Rf5 21. Nh4 Rh5 22. Rfe1 Rf8 23. g3 Qc6 24. Qg4 Re5 25. Nf3 Re4 26. Rxe4 dxe4 27. Nd4 Ne5 28. Qxe6+ Qxe6 29. Nxe6 Re8 30. Ng5 Nd3 31. Rd1 Nxc5 32. Rd5 b6 33. b4 Nd3 34. a3 Ne1 35. Kf1 1/2-1/2

[Event "Espoo"]
[Site "Espoo"]
[Date "1987.??.??"]
[Round "11"]
[White "Niklasson, Christer"]
[Black "Ebeling, Mika"]
[Result "1-0"]
[WhiteElo "2375"]
[BlackElo "2275"]
[PlyCount "81"]
[EventDate "1987.??.??"]
[EventType "tourn"]
[EventRounds "11"]
[EventCountry "FIN"]
[EventCategory "5"]
[SourceTitle "EXT 1997"]
[Source "ChessBase"]
[SourceDate "1996.11.15"]
[SourceVersion "1"]
[SourceVersionDate "1996.11.15"]
[SourceQuality "1"]

1. d4 Nf6 2. c4 g6 3. Nc3 d5 4. cxd5 Nxd5 5. e4 Nxc3 6. bxc3 Bg7 7. Bc4 c5 8. Ne2 0-0 9. 0-0 Nc6 10. Be3 Qc7 11. Rc1 Rd8 12. Bf4 Qd7 13. d5 Na5 14. Bd3 a6 15. c4 b5 16. cxb5 c4 17. Bxc4 Nxc4 18. Rxc4 axb5 19. Rc7 Qe8 20. Qb3 e6 21. Nc3 exd5 22. Nxd5 Be6 23. Bg5 Rd6 24. Qg3 Bxd5 25. Qxd6 Qxe4 26. f3 Qd4+ 27. Kh1 Be5 28. Qc5 Qd3 29. Rc8+ Rxc8 30. Qxc8+ Kg7 31. Qc1 Bxa2 32. Bh6+ Kf6 33. Re1 Qc3 34. Qg5+ Ke6 35. Qh4 Kd7 36. Qe4 f6 37. Rd1+ Ke6 38. f4 Bb3 39. Re1 Bd5 40. Qe3 Qc2 41. Qh3+ 1-0

[Event "Espoo"]
[Site "Espoo"]
[Date "1987.??.??"]
[Round "3"]
[White "Raaste, Eero J"]
[Black "Niklasson, Christer"]
[Result "1/2-1/2"]
[WhiteElo "2370"]
[BlackElo "2375"]
[PlyCount "50"]
[EventDate "1987.??.??"]
[EventType "tourn"]
[EventRounds "11"]
[EventCountry "FIN"]
[EventCategory "5"]
[SourceTitle "EXT 1997"]
[Source "ChessBase"]
[SourceDate "1996.11.15"]
[SourceVersion "1"]
[SourceVersionDate "1996.11.15"]
[SourceQuality "1"]

1. e4 c5 2. Nf3 e6 3. d4 cxd4 4. Nxd4 a6 5. Nc3 Qc7 6. Bd3 Nf6 7. Qe2 d6 8. f4 g6 9. f5 Nc6 10. Nxc6 bxc6 11. fxe6 Bxe6 12. 0-0 Bg7 13. Kh1 0-0 14. Bf4 Nd7 15. Bc4 Bxc4 16. Qxc4 Ne5 17. Qe2 Rab8 18. Rab1 Qa5 19. h3 Rb7 20. a3 Rfb8 21. b4 Qc7 22. Nd1 a5 23. c3 axb4 24. axb4 Ra8 25. Ne3 Qe7 1/2-1/2